[Event "Deutsche Ländermeisterschaft 2021"]
[Site "Neumünster GER"]
[Date "2021.10.02"]
[Round "1"]
[White "Tovmasyan, Minas"]
[Black "Lutz, Ruben"]
[Result "1/2-1/2"]
[Termination "normal"]
[Board "7.3"]
[WhiteElo "1820"]
[BlackElo "2114"]
[WhiteClock "00:01:49"]
[BlackClock "00:00:41"]
[WhiteTeam "Mecklenburg-Vorpommern"]
[BlackTeam "Sachsen"]
[PlyCount "157"]
[WhiteFideId "16247620"]
[BlackFideId "12975974"]
[EventCountry "GER"]
[EventRounds "7"]
[EventType "team-swiss"]
[EventDate "2021.10.01"]

1. d4 {[%clk 1:30:55]} d5 {[%clk 1:30:55]} 2. c4 {[%clk 1:31:18]} e6 {[%clk
1:31:17]} 3. Nf3 {[%clk 1:31:40]} Nf6 {[%clk 1:31:40]} 4. Nc3 {[%clk 1:31:24]}
Be7 {[%clk 1:31:53]} 5. Bf4 {[%clk 1:31:41]} O-O {[%clk 1:31:56]} 6. e3 {[%clk
1:31:49]} Nbd7 {[%clk 1:30:41]} 7. c5 {[%clk 1:30:27]} c6 {[%clk 1:30:50]} 8.
Bd3 {[%clk 1:30:21]} b6 {[%clk 1:30:13]} 9. b4 {[%clk 1:30:30]} a5 {[%clk
1:30:31]} 10. a3 {[%clk 1:30:48]} Ba6 {[%clk 1:27:15]} 11. Bxa6 {[%clk
1:24:02]} Rxa6 {[%clk 1:27:41]} 12. O-O {[%clk 1:24:20]} Qa8 {[%clk 1:25:07]}
13. h3 {[%clk 1:03:32]} Qb7 {[%clk 1:23:29]} 14. Rb1 {[%clk 0:57:03]} axb4
{[%clk 1:14:12]} 15. axb4 {[%clk 0:57:22]} Rfa8 {[%clk 1:14:27]} 16. Qc2 {[%clk
0:53:54]} b5 {[%clk 0:58:03]} 17. Ne2 {[%clk 0:32:36]} Ra2 {[%clk 0:48:23]} 18.
Rb2 {[%clk 0:31:42]} R2a3 {[%clk 0:48:45]} 19. Nc1 {[%clk 0:24:09]} Bd8 {[%clk
0:43:49]} 20. Nd3 {[%clk 0:21:53]} Ne4 {[%clk 0:42:31]} 21. Rb3 {[%clk
0:18:10]} Bc7 {[%clk 0:39:40]} 22. Bxc7 {[%clk 0:09:11]} Qxc7 {[%clk 0:40:06]}
23. Rfb1 {[%clk 0:09:04]} R8a4 {[%clk 0:35:56]} 24. Rxa3 {[%clk 0:07:10]} Rxa3
{[%clk 0:35:14]} 25. Rb3 {[%clk 0:06:26]} Ra4 {[%clk 0:34:49]} 26. Rb2 {[%clk
0:05:48]} Qa7 {[%clk 0:33:40]} 27. Nfe5 {[%clk 0:03:30]} Nxe5 {[%clk 0:28:40]}
28. Nxe5 {[%clk 0:03:53]} Ra1+ {[%clk 0:26:32]} 29. Rb1 {[%clk 0:02:46]} Qa4
{[%clk 0:08:53]} 30. Rxa1 {[%clk 0:01:51]} Qxa1+ {[%clk 0:09:19]} 31. Kh2
{[%clk 0:02:13]} Qa8 {[%clk 0:06:43]} 32. f3 {[%clk 0:01:01]} Nf6 {[%clk
0:07:09]} 33. Qd3 {[%clk 0:00:45]} Ne8 {[%clk 0:06:31]} 34. e4 {[%clk 0:00:35]}
f6 {[%clk 0:05:12]} 35. Ng4 {[%clk 0:00:39]} Nc7 {[%clk 0:05:18]} 36. Ne3
{[%clk 0:00:47]} Qa4 {[%clk 0:04:44]} 37. exd5 {[%clk 0:00:56]} cxd5 {[%clk
0:01:29]} 38. Qc3 {[%clk 0:00:42]} Qa2 {[%clk 0:00:51]} 39. Qc2 {[%clk
0:00:33]} Qa1 {[%clk 0:00:48]} 40. Qd2 {[%clk 0:00:45]} Kf7 {[%clk 0:00:43]}
41. Ng4 {[%clk 0:25:23]} Ne8 {[%clk 0:19:14]} 42. Qd3 {[%clk 0:09:09]} h5
{[%clk 0:16:25]} 43. Ne3 {[%clk 0:08:29]} Nc7 {[%clk 0:14:55]} 44. Qd2 {[%clk
0:03:45]} Na6 {[%clk 0:12:38]} 45. f4 {[%clk 0:02:41]} Qb1 {[%clk 0:04:01]} 46.
Nc2 {[%clk 0:02:19]} Qf1 {[%clk 0:02:57]} 47. Kg3 {[%clk 0:01:32]} Qc4 {[%clk
0:02:16]} 48. Kh2 {[%clk 0:01:29]} h4 {[%clk 0:02:03]} 49. Kg1 {[%clk 0:01:30]}
Ke7 {[%clk 0:01:48]} 50. f5 {[%clk 0:01:08]} exf5 {[%clk 0:00:39]} 51. Ne3
{[%clk 0:01:20]} Qb3 {[%clk 0:00:56]} 52. Nxf5+ {[%clk 0:01:24]} Kf7 {[%clk
0:00:43]} 53. Nd6+ {[%clk 0:01:38]} Kg8 {[%clk 0:01:05]} 54. Nxb5 {[%clk
0:00:42]} Nxb4 {[%clk 0:01:10]} 55. Qe2 {[%clk 0:00:41]} Qb1+ {[%clk 0:01:16]}
56. Kh2 {[%clk 0:01:08]} Qf5 {[%clk 0:00:50]} 57. Qe3 {[%clk 0:00:36]} Nc2
{[%clk 0:00:46]} 58. Qf3 {[%clk 0:00:44]} Qxf3 {[%clk 0:00:37]} 59. gxf3 {[%clk
0:01:09]} Kf7 {[%clk 0:00:41]} 60. f4 {[%clk 0:00:48]} Ke7 {[%clk 0:00:44]} 61.
Nc3 {[%clk 0:00:33]} Ke6 {[%clk 0:00:37]} 62. Ne2 {[%clk 0:00:48]} Nb4 {[%clk
0:00:37]} 63. Kg2 {[%clk 0:01:07]} Kf5 {[%clk 0:00:46]} 64. Kf3 {[%clk
0:01:15]} g5 {[%clk 0:01:04]} 65. fxg5 {[%clk 0:01:26]} fxg5 {[%clk 0:01:30]}
66. Nc3 {[%clk 0:01:27]} Nc2 {[%clk 0:01:13]} 67. Ne2 {[%clk 0:01:27]} Ne1+
{[%clk 0:01:02]} 68. Kf2 {[%clk 0:01:40]} Nd3+ {[%clk 0:00:48]} 69. Ke3 {[%clk
0:01:54]} Nb4 {[%clk 0:01:04]} 70. Kf3 {[%clk 0:01:27]} Nc6 {[%clk 0:00:56]}
71. Ke3 {[%clk 0:01:23]} g4 {[%clk 0:01:15]} 72. hxg4+ {[%clk 0:01:50]} Kxg4
{[%clk 0:01:42]} 73. Kf2 {[%clk 0:00:35]} h3 {[%clk 0:00:53]} 74. Nc3 {[%clk
0:00:40]} Nb4 {[%clk 0:00:59]} 75. Kg1 {[%clk 0:00:36]} Kg3 {[%clk 0:00:59]}
76. Ne2+ {[%clk 0:00:52]} Kf3 {[%clk 0:01:09]} 77. Nc3 {[%clk 0:01:12]} Kg3
{[%clk 0:00:43]} 78. Ne2+ {[%clk 0:01:24]} Kf3 {[%clk 0:00:41]} 79. Nc3 {[%clk
0:01:49]} *

[Event "Deutsche Ländermeisterschaft 2021"]
[Site "Neumünster GER"]
[Date "2021.10.02"]
[Round "1"]
[White "Ehrig, Leon Chris"]
[Black "Schott, Andy"]
[Result "1-0"]
[Termination "normal"]
[Board "7.4"]
[WhiteElo "1796"]
[BlackElo "1504"]
[WhiteClock "00:47:38"]
[BlackClock "00:00:32"]
[WhiteTeam "Sachsen"]
[BlackTeam "Mecklenburg-Vorpommern"]
[PlyCount "43"]
[WhiteFideId "16244796"]
[BlackFideId "16244940"]
[EventCountry "GER"]
[EventRounds "7"]
[EventType "team-swiss"]
[EventDate "2021.10.01"]

1. e4 {[%clk 1:30:55]} c5 {[%clk 1:30:50]} 2. Nc3 {[%clk 1:31:16]} a6 {[%clk
1:31:13]} 3. a4 {[%clk 1:31:39]} Nc6 {[%clk 1:30:47]} 4. f4 {[%clk 1:31:40]} e6
{[%clk 1:30:57]} 5. Nf3 {[%clk 1:31:52]} Be7 {[%clk 1:30:43]} 6. Bc4 {[%clk
1:29:40]} b6 {[%clk 1:28:46]} 7. O-O {[%clk 1:28:16]} Bb7 {[%clk 1:29:07]} 8.
d3 {[%clk 1:27:53]} Na5 {[%clk 1:16:49]} 9. Ba2 {[%clk 1:23:39]} d5 {[%clk
1:14:25]} 10. f5 {[%clk 1:18:26]} exf5 {[%clk 0:46:43]} 11. e5 {[%clk 1:10:24]}
d4 {[%clk 0:39:50]} 12. Ne2 {[%clk 1:07:33]} Bd5 {[%clk 0:37:44]} 13. Bxd5
{[%clk 1:01:15]} Qxd5 {[%clk 0:38:06]} 14. Nf4 {[%clk 1:00:50]} Qd7 {[%clk
0:22:40]} 15. Qe2 {[%clk 0:53:11]} O-O-O {[%clk 0:09:03]} 16. e6 {[%clk
0:52:05]} Qb7 {[%clk 0:04:45]} 17. exf7 {[%clk 0:51:27]} Nh6 {[%clk 0:04:00]}
18. Ne6 {[%clk 0:48:48]} Rd6 {[%clk 0:00:36]} 19. Bf4 {[%clk 0:48:29]} Nxf7
{[%clk 0:00:35]} 20. Bxd6 {[%clk 0:48:21]} Bxd6 {[%clk 0:00:37]} 21. Nxg7
{[%clk 0:47:31]} Rg8 {[%clk 0:00:32]} 22. Nxf5 {[%clk 0:47:38]} 1-0

[Event "Deutsche Ländermeisterschaft 2021"]
[Site "Neumünster GER"]
[Date "2021.10.02"]
[Round "1"]
[White "Herrmann, Jakob"]
[Black "Peglau, Dora"]
[Result "0-1"]
[Termination "normal"]
[Board "7.5"]
[WhiteElo "1538"]
[BlackElo "1880"]
[WhiteClock "00:06:43"]
[BlackClock "00:10:08"]
[WhiteTeam "Mecklenburg-Vorpommern"]
[BlackTeam "Sachsen"]
[PlyCount "68"]
[WhiteFideId "16287169"]
[BlackFideId "16220005"]
[EventCountry "GER"]
[EventRounds "7"]
[EventType "team-swiss"]
[EventDate "2021.10.01"]

1. e4 {[%clk 1:30:53]} c6 {[%clk 1:30:56]} 2. Nc3 {[%clk 1:31:18]} d5 {[%clk
1:31:22]} 3. d4 {[%clk 1:31:43]} dxe4 {[%clk 1:31:47]} 4. Nxe4 {[%clk 1:32:11]}
Nd7 {[%clk 1:32:01]} 5. Nf3 {[%clk 1:32:06]} Ngf6 {[%clk 1:32:19]} 6. Nxf6+
{[%clk 1:32:35]} Nxf6 {[%clk 1:32:40]} 7. Ne5 {[%clk 1:32:09]} Bf5 {[%clk
1:31:32]} 8. c3 {[%clk 1:32:04]} e6 {[%clk 1:27:12]} 9. g4 {[%clk 1:31:12]} Bg6
{[%clk 1:21:12]} 10. h4 {[%clk 1:30:45]} Bd6 {[%clk 1:16:25]} 11. h5 {[%clk
1:23:50]} Be4 {[%clk 1:15:45]} 12. Rg1 {[%clk 1:12:31]} c5 {[%clk 0:57:01]} 13.
Bb5+ {[%clk 1:11:41]} Kf8 {[%clk 0:56:08]} 14. Bg5 {[%clk 1:02:15]} Qa5 {[%clk
0:49:26]} 15. Nd7+ Nxd7 {[%clk 0:45:59]} 16. Bxd7 {[%clk 0:27:34]} h6 {[%clk
0:43:01]} 17. Bh4 {[%clk 0:27:03]} Bh2 {[%clk 0:41:25]} 18. f3 {[%clk 0:17:15]}
Bxg1 {[%clk 0:37:33]} 19. fxe4 {[%clk 0:17:37]} Qc7 {[%clk 0:33:41]} 20. Ba4
{[%clk 0:15:08]} Qh2 {[%clk 0:33:21]} 21. Kf1 {[%clk 0:13:20]} Qh1 {[%clk
0:24:47]} 22. Bf2 {[%clk 0:12:06]} Bh2+ {[%clk 0:24:10]} 23. Ke2 {[%clk
0:12:34]} Qxe4+ {[%clk 0:24:29]} 24. Kf1 {[%clk 0:12:28]} Qh1+ {[%clk 0:18:48]}
25. Ke2 {[%clk 0:12:52]} Qg2 {[%clk 0:19:07]} 26. Ke1 {[%clk 0:10:54]} cxd4
{[%clk 0:16:42]} 27. cxd4 {[%clk 0:10:15]} Bg1 {[%clk 0:16:56]} 28. Qe2 {[%clk
0:09:44]} Bxf2+ {[%clk 0:16:24]} 29. Qxf2 {[%clk 0:10:09]} Qxg4 {[%clk
0:15:51]} 30. Bb3 {[%clk 0:08:32]} Rd8 {[%clk 0:14:51]} 31. Rc1 {[%clk
0:08:40]} Qxh5 {[%clk 0:13:01]} 32. Bxe6 {[%clk 0:08:37]} Re8 {[%clk 0:10:37]}
33. d5 {[%clk 0:07:27]} Kg8 {[%clk 0:10:01]} 34. Rc8 {[%clk 0:06:43]} fxe6
{[%clk 0:10:08]} 0-1

[Event "Deutsche Ländermeisterschaft 2021"]
[Site "Neumünster GER"]
[Date "2021.10.02"]
[Round "1"]
[White "Peglau, Charis"]
[Black "Müller, Sophie Charlotte"]
[Result "1-0"]
[Termination "normal"]
[Board "7.6"]
[WhiteElo "1820"]
[BlackElo "1554"]
[WhiteClock "00:34:24"]
[BlackClock "00:07:39"]
[WhiteTeam "Sachsen"]
[BlackTeam "Mecklenburg-Vorpommern"]
[PlyCount "71"]
[WhiteFideId "16219996"]
[BlackFideId "16246683"]
[EventCountry "GER"]
[EventRounds "7"]
[EventType "team-swiss"]
[EventDate "2021.10.01"]

1. b3 {[%clk 1:30:53]} d6 {[%clk 1:30:44]} 2. Bb2 {[%clk 1:31:13]} Nf6 {[%clk
1:30:40]} 3. c4 {[%clk 1:30:48]} g6 {[%clk 1:30:53]} 4. Nc3 {[%clk 1:30:18]}
Bg7 {[%clk 1:31:10]} 5. Nf3 {[%clk 1:30:15]} O-O {[%clk 1:31:28]} 6. g3 {[%clk
1:28:13]} c5 {[%clk 1:29:28]} 7. Bg2 {[%clk 1:26:04]} Nc6 {[%clk 1:28:31]} 8.
O-O {[%clk 1:25:59]} Bg4 {[%clk 1:24:48]} 9. h3 {[%clk 1:25:01]} Bd7 {[%clk
1:22:14]} 10. e3 {[%clk 1:23:34]} Rb8 {[%clk 1:18:29]} 11. d4 {[%clk 1:22:14]}
cxd4 {[%clk 1:18:45]} 12. exd4 {[%clk 1:21:06]} a6 {[%clk 1:16:52]} 13. Qe2
{[%clk 1:17:26]} Re8 {[%clk 1:14:52]} 14. Rad1 {[%clk 1:14:04]} Qa5 {[%clk
1:07:42]} 15. a3 {[%clk 1:13:26]} Nd8 {[%clk 0:57:53]} 16. b4 {[%clk 1:11:03]}
Qc7 {[%clk 0:56:03]} 17. Rfe1 {[%clk 1:08:37]} b5 {[%clk 0:53:11]} 18. c5
{[%clk 1:08:09]} Qc8 {[%clk 0:48:38]} 19. Kh2 {[%clk 1:05:21]} h5 {[%clk
0:43:40]} 20. Ne4 {[%clk 0:49:57]} Bf5 {[%clk 0:38:57]} 21. Nxf6+ {[%clk
0:49:36]} Bxf6 22. cxd6 Ne6 {[%clk 0:32:43]} 23. dxe7 {[%clk 0:47:57]} Rxe7
{[%clk 0:32:55]} 24. Qd2 {[%clk 0:46:43]} Qc2 {[%clk 0:25:09]} 25. Qxc2 {[%clk
0:45:50]} Bxc2 {[%clk 0:25:33]} 26. Rd2 {[%clk 0:44:57]} Bb3 {[%clk 0:25:00]}
27. Ne5 {[%clk 0:42:08]} Bg5 {[%clk 0:19:33]} 28. Rde2 {[%clk 0:39:34]} Rc7
{[%clk 0:10:18]} 29. d5 {[%clk 0:38:17]} Nf8 {[%clk 0:09:02]} 30. d6 {[%clk
0:37:53]} Rc2 {[%clk 0:09:01]} 31. Rxc2 {[%clk 0:37:00]} Bxc2 {[%clk 0:09:29]}
32. Bd5 {[%clk 0:34:32]} Ne6 {[%clk 0:08:05]} 33. Nxf7 {[%clk 0:34:36]} Kxf7
{[%clk 0:07:57]} 34. Rxe6 {[%clk 0:34:32]} Re8 {[%clk 0:07:21]} 35. Re7+ {[%clk
0:34:24]} Kf8 {[%clk 0:07:39]} 36. Bg7# 1-0

[Event "Deutsche Ländermeisterschaft 2021"]
[Site "Neumünster GER"]
[Date "2021.10.02"]
[Round "1"]
[White "Khanbekyan, Nare"]
[Black "Herrmann, Arthur"]
[Result "0-1"]
[Termination "normal"]
[Board "7.7"]
[WhiteElo "1252"]
[BlackElo "1385"]
[WhiteClock "00:30:26"]
[BlackClock "00:42:00"]
[WhiteTeam "Mecklenburg-Vorpommern"]
[BlackTeam "Sachsen"]
[PlyCount "138"]
[WhiteFideId "16270916"]
[BlackFideId "16287150"]
[EventCountry "GER"]
[EventRounds "7"]
[EventType "team-swiss"]
[EventDate "2021.10.01"]

1. e4 {[%clk 1:30:55]} c5 {[%clk 1:30:55]} 2. Nf3 {[%clk 1:31:03]} d6 {[%clk
1:31:20]} 3. d4 {[%clk 1:31:12]} cxd4 {[%clk 1:31:45]} 4. Nxd4 {[%clk 1:31:29]}
Nf6 {[%clk 1:32:08]} 5. Nc3 {[%clk 1:31:44]} a6 {[%clk 1:32:24]} 6. Bc4 {[%clk
1:31:33]} e6 {[%clk 1:32:17]} 7. Bb3 {[%clk 1:31:50]} Nbd7 {[%clk 1:32:04]} 8.
Be3 {[%clk 1:31:19]} Nc5 {[%clk 1:31:45]} 9. f3 {[%clk 1:30:57]} Be7 {[%clk
1:30:47]} 10. Qd2 {[%clk 1:29:39]} Qc7 {[%clk 1:28:29]} 11. O-O-O {[%clk
1:29:36]} b5 {[%clk 1:27:02]} 12. a3 {[%clk 1:22:03]} Bb7 {[%clk 1:24:22]} 13.
h4 {[%clk 1:19:24]} Nfd7 {[%clk 1:18:49]} 14. g4 {[%clk 1:13:18]} Ne5 {[%clk
1:15:37]} 15. h5 {[%clk 1:00:09]} Rc8 {[%clk 1:12:22]} 16. Rdf1 {[%clk
0:51:02]} Nxb3+ {[%clk 1:10:55]} 17. Nxb3 {[%clk 0:48:21]} Nc4 {[%clk 1:10:07]}
18. Qd3 {[%clk 0:42:48]} Bf6 {[%clk 1:00:51]} 19. g5 {[%clk 0:33:14]} Bxc3
{[%clk 0:59:16]} 20. bxc3 {[%clk 0:32:32]} Nxa3 {[%clk 0:58:34]} 21. Kb2 {[%clk
0:30:04]} Nc4+ {[%clk 0:58:41]} 22. Ka2 {[%clk 0:29:12]} Ne5 {[%clk 0:56:03]}
23. Qd2 {[%clk 0:24:09]} Nc4 {[%clk 0:48:49]} 24. Qd3 {[%clk 0:23:12]} Nxe3
{[%clk 0:48:41]} 25. Qxe3 {[%clk 0:23:27]} Qxc3 {[%clk 0:47:48]} 26. Qxc3
{[%clk 0:23:43]} Rxc3 {[%clk 0:48:10]} 27. Kb2 {[%clk 0:24:04]} Rc7 {[%clk
0:46:53]} 28. Rd1 {[%clk 0:23:06]} Ke7 {[%clk 0:46:11]} 29. Rhe1 {[%clk
0:22:14]} Rhc8 {[%clk 0:45:16]} 30. Rd2 {[%clk 0:21:18]} Rc3 {[%clk 0:43:47]}
31. f4 {[%clk 0:20:12]} Rh3 {[%clk 0:41:08]} 32. e5 {[%clk 0:14:19]} d5 {[%clk
0:38:44]} 33. h6 {[%clk 0:12:08]} gxh6 {[%clk 0:38:19]} 34. gxh6 {[%clk
0:08:46]} Rxh6 {[%clk 0:38:12]} 35. Rg1 {[%clk 0:09:00]} Rh4 {[%clk 0:36:24]}
36. Rg7 {[%clk 0:08:38]} Rxf4 {[%clk 0:35:08]} 37. Rxh7 {[%clk 0:08:39]} Rf5
{[%clk 0:32:14]} 38. Re2 {[%clk 0:08:36]} Rg8 {[%clk 0:28:41]} 39. Nc5 {[%clk
0:07:57]} Bc8 {[%clk 0:28:20]} 40. Nd3 {[%clk 0:06:27]} Rfg5 {[%clk 0:24:48]}
41. Rf2 {[%clk 0:05:04]} R5g7 {[%clk 0:24:54]} 42. Rh6 {[%clk 0:04:19]} a5
{[%clk 0:18:08]} 43. Ka3 {[%clk 0:03:01]} Bd7 {[%clk 0:17:05]} 44. c3 {[%clk
0:02:52]} Rg3 {[%clk 0:15:40]} 45. Rh7 {[%clk 0:02:50]} R8g7 {[%clk 0:13:45]}
46. Rxg7 {[%clk 0:01:45]} Rxg7 {[%clk 0:14:09]} 47. Rf3 {[%clk 0:01:49]} Rg6
{[%clk 0:13:18]} 48. Kb3 {[%clk 0:01:45]} f6 {[%clk 0:13:07]} 49. Rh3 {[%clk
0:30:30]} fxe5 {[%clk 0:40:37]} 50. Nxe5 {[%clk 0:30:48]} Rg7 {[%clk 0:40:47]}
51. Rf3 {[%clk 0:30:38]} Kd6 {[%clk 0:40:21]} 52. Nf7+ {[%clk 0:30:43]} Kc5
{[%clk 0:39:57]} 53. Ne5 {[%clk 0:30:42]} Kd6 {[%clk 0:39:31]} 54. Nf7+ {[%clk
0:30:49]} Ke7 {[%clk 0:39:39]} 55. Ne5 {[%clk 0:31:11]} Be8 {[%clk 0:39:41]}
56. Re3 {[%clk 0:29:23]} Rg5 {[%clk 0:39:09]} 57. Nf3 {[%clk 0:28:49]} Rg3
{[%clk 0:38:52]} 58. Rd3 {[%clk 0:28:55]} Bg6 {[%clk 0:38:52]} 59. Re3 {[%clk
0:29:03]} Bh5 {[%clk 0:38:58]} 60. Rd3 {[%clk 0:29:00]} Rxf3 {[%clk 0:38:55]}
61. Rxf3 {[%clk 0:29:07]} Bxf3 {[%clk 0:39:16]} 62. Ka3 {[%clk 0:29:24]} e5
{[%clk 0:39:31]} 63. Kb3 {[%clk 0:29:34]} e4 {[%clk 0:39:44]} 64. Kc2 {[%clk
0:29:48]} e3 {[%clk 0:40:04]} 65. Kd3 {[%clk 0:29:46]} e2 {[%clk 0:40:29]} 66.
Kd2 {[%clk 0:30:00]} a4 {[%clk 0:40:53]} 67. c4 {[%clk 0:30:05]} dxc4 {[%clk
0:41:14]} 68. Ke1 {[%clk 0:30:14]} c3 {[%clk 0:41:35]} 69. Kf2 {[%clk 0:30:26]}
c2 {[%clk 0:42:00]} 0-1

[Event "Deutsche Ländermeisterschaft 2021"]
[Site "Neumünster GER"]
[Date "2021.10.02"]
[Round "1"]
[White "Müller, Cosima"]
[Black "Chandrasekher, Ritu"]
[Result "1-0"]
[Termination "normal"]
[Board "7.8"]
[WhiteElo "1373"]
[BlackElo "1307"]
[WhiteClock "01:14:13"]
[BlackClock "00:43:23"]
[WhiteTeam "Sachsen"]
[BlackTeam "Mecklenburg-Vorpommern"]
[PlyCount "109"]
[WhiteFideId "34601490"]
[BlackFideId "34609024"]
[EventCountry "GER"]
[EventRounds "7"]
[EventType "team-swiss"]
[EventDate "2021.10.01"]

1. e4 {[%clk 1:30:56]} e5 {[%clk 1:30:51]} 2. Nf3 {[%clk 1:31:20]} Nc6 {[%clk
1:31:16]} 3. Bc4 {[%clk 1:31:44]} Bc5 {[%clk 1:31:40]} 4. b4 {[%clk 1:32:07]}
Bxb4 {[%clk 1:31:44]} 5. c3 {[%clk 1:32:28]} Ba5 {[%clk 1:31:59]} 6. d4 {[%clk
1:32:02]} d6 {[%clk 1:32:04]} 7. O-O {[%clk 1:32:10]} Nf6 {[%clk 1:31:20]} 8.
dxe5 {[%clk 1:31:02]} Ng4 {[%clk 1:26:27]} 9. exd6 {[%clk 1:28:58]} cxd6 {[%clk
1:26:20]} 10. Ba3 {[%clk 1:28:39]} Nge5 {[%clk 1:24:01]} 11. Nxe5 {[%clk
1:25:52]} Nxe5 {[%clk 1:23:59]} 12. Bb5+ {[%clk 1:25:57]} Ke7 {[%clk 1:18:20]}
13. Qd4 {[%clk 1:23:03]} Bb6 {[%clk 1:15:41]} 14. Qxe5+ {[%clk 1:22:12]} Be6
{[%clk 1:11:30]} 15. Rd1 {[%clk 1:18:18]} f6 {[%clk 1:06:25]} 16. Qxd6+ {[%clk
1:17:36]} Qxd6 {[%clk 1:04:54]} 17. Bxd6+ {[%clk 1:17:16]} Kf7 {[%clk 1:04:40]}
18. Na3 {[%clk 1:17:15]} Rad8 {[%clk 1:03:59]} 19. Nc4 {[%clk 1:16:52]} g5
{[%clk 0:59:43]} 20. Nxb6 {[%clk 1:16:40]} axb6 21. a4 h5 {[%clk 0:55:21]} 22.
Bc7 {[%clk 1:16:41]} Rc8 {[%clk 0:54:58]} 23. Bxb6 {[%clk 1:16:22]} Rxc3 {[%clk
0:54:39]} 24. Rac1 {[%clk 1:16:32]} Rhc8 {[%clk 0:53:07]} 25. Rxc3 {[%clk
1:16:18]} Rxc3 {[%clk 0:53:01]} 26. f3 {[%clk 1:16:14]} g4 {[%clk 0:50:12]} 27.
Rd3 {[%clk 1:14:06]} Rc1+ {[%clk 0:49:57]} 28. Kf2 {[%clk 1:14:21]} Rc2+ {[%clk
0:48:57]} 29. Kf1 {[%clk 1:13:05]} Rc1+ {[%clk 0:48:55]} 30. Ke2 {[%clk
1:13:15]} gxf3+ {[%clk 0:48:28]} 31. gxf3 {[%clk 1:12:30]} Rc2+ {[%clk
0:48:38]} 32. Rd2 {[%clk 1:12:25]} Bc4+ {[%clk 0:47:44]} 33. Bxc4+ {[%clk
1:12:47]} Rxc4 {[%clk 0:48:05]} 34. Rd7+ {[%clk 1:13:00]} Ke6 {[%clk 0:47:55]}
35. Rxb7 {[%clk 1:13:08]} Rc2+ {[%clk 0:48:16]} 36. Ke3 {[%clk 1:13:11]} Rxh2
{[%clk 0:48:24]} 37. Rh7 {[%clk 1:13:19]} f5 {[%clk 0:43:18]} 38. exf5+ {[%clk
1:12:54]} Kxf5 {[%clk 0:43:32]} 39. a5 {[%clk 1:13:15]} Kg6 {[%clk 0:43:23]}
40. Rh8 {[%clk 1:12:37]} Kg7 {[%clk 0:43:24]} 41. Bd4+ {[%clk 1:12:59]} Kg6
{[%clk 0:43:01]} 42. a6 {[%clk 1:13:03]} Ra2 {[%clk 0:43:09]} 43. a7 {[%clk
1:13:23]} h4 {[%clk 0:42:47]} 44. Rxh4 {[%clk 1:13:24]} Kf7 {[%clk 0:42:04]}
45. Rh8 {[%clk 1:13:30]} Ke7 {[%clk 0:42:03]} 46. a8=Q Rxa8 47. Rxa8 {[%clk
1:11:55]} Kf7 {[%clk 0:42:28]} 48. Ra6 {[%clk 1:12:05]} Ke7 {[%clk 0:42:40]}
49. Ke4 {[%clk 1:12:23]} Kf7 {[%clk 0:42:39]} 50. Ke5 {[%clk 1:12:45]} Ke7
{[%clk 0:43:01]} 51. Ra7+ {[%clk 1:13:05]} Kd8 {[%clk 0:43:10]} 52. Ke6 {[%clk
1:13:28]} Kc8 {[%clk 0:42:59]} 53. Kd6 {[%clk 1:13:52]} Kb8 {[%clk 0:43:07]}
54. Kc6 {[%clk 1:14:13]} Kc8 {[%clk 0:43:23]} 55. Ra8# 1-0

[Event "Deutsche Ländermeisterschaft 2021"]
[Site "Neumünster GER"]
[Date "2021.10.02"]
[Round "2"]
[White "Costa, Leonardo"]
[Black "Muckle, Julius"]
[Result "1/2-1/2"]
[Termination "normal"]
[Board "1.1"]
[WhiteTitle "FM"]
[BlackTitle "FM"]
[WhiteElo "2336"]
[BlackElo "2414"]
[WhiteClock "00:11:34"]
[BlackClock "00:05:11"]
[WhiteTeam "Bayern"]
[BlackTeam "Rheinland-Pfalz"]
[PlyCount "102"]
[WhiteFideId "16213955"]
[BlackFideId "12942430"]
[EventCountry "GER"]
[EventRounds "7"]
[EventType "team-swiss"]
[EventDate "2021.10.01"]

1. e4 {[%clk 1:30:57]} e6 {[%clk 1:30:57]} 2. d4 {[%clk 1:31:22]} d5 {[%clk
1:31:26]} 3. e5 {[%clk 1:31:45]} c5 {[%clk 1:31:55]} 4. c3 {[%clk 1:32:10]} Qb6
{[%clk 1:32:20]} 5. Nf3 {[%clk 1:32:35]} Bd7 {[%clk 1:32:44]} 6. Bd3 {[%clk
1:32:59]} Bb5 {[%clk 1:33:09]} 7. dxc5 Bxc5 {[%clk 1:32:30]} 8. b4 {[%clk
1:33:50]} Bxd3 {[%clk 1:28:41]} 9. Qxd3 {[%clk 1:34:15]} Bf8 {[%clk 1:28:44]}
10. O-O {[%clk 1:34:37]} Nc6 {[%clk 1:28:54]} 11. Na3 {[%clk 1:29:26]} a6
{[%clk 1:08:50]} 12. Be3 {[%clk 1:11:55]} Qc7 {[%clk 1:09:13]} 13. Rfe1 {[%clk
1:07:47]} Nxe5 {[%clk 0:58:37]} 14. Nxe5 {[%clk 1:07:41]} Qxe5 {[%clk 0:59:06]}
15. Nb5 {[%clk 0:41:06]} Qb8 {[%clk 0:55:57]} 16. g3 {[%clk 0:39:38]} Qc8
{[%clk 0:54:25]} 17. Nd4 {[%clk 0:35:20]} Nf6 {[%clk 0:54:08]} 18. Nb3 {[%clk
0:32:53]} Be7 {[%clk 0:49:07]} 19. a4 {[%clk 0:31:52]} O-O {[%clk 0:49:10]} 20.
a5 {[%clk 0:29:01]} Qc6 {[%clk 0:24:38]} 21. Bc5 {[%clk 0:25:36]} Bxc5 {[%clk
0:22:18]} 22. Nxc5 {[%clk 0:25:56]} Rfd8 {[%clk 0:19:36]} 23. Rac1 {[%clk
0:22:26]} Nd7 {[%clk 0:18:38]} 24. Nb3 {[%clk 0:18:16]} Rac8 {[%clk 0:18:40]}
25. Red1 {[%clk 0:17:27]} Rc7 {[%clk 0:15:17]} 26. Qe3 {[%clk 0:14:52]} Qc4
{[%clk 0:14:05]} 27. Nd2 {[%clk 0:13:31]} Qb5 {[%clk 0:14:29]} 28. Nb3 {[%clk
0:09:58]} Rdc8 {[%clk 0:12:32]} 29. Rd3 {[%clk 0:08:07]} h6 {[%clk 0:11:10]}
30. Nd4 {[%clk 0:06:57]} Qc4 {[%clk 0:11:22]} 31. Rdd1 {[%clk 0:06:34]} Nf6
{[%clk 0:10:38]} 32. f3 {[%clk 0:06:34]} Nd7 {[%clk 0:08:56]} 33. Qd3 {[%clk
0:04:06]} Qxd3 {[%clk 0:07:48]} 34. Rxd3 {[%clk 0:04:33]} Ne5 {[%clk 0:05:50]}
35. Re3 {[%clk 0:04:59]} Nc4 {[%clk 0:06:14]} 36. Re2 {[%clk 0:04:10]} Na3
{[%clk 0:04:03]} 37. Re3 {[%clk 0:04:36]} Nb5 {[%clk 0:02:34]} 38. Nb3 {[%clk
0:02:54]} d4 {[%clk 0:02:44]} 39. Rd3 {[%clk 0:02:59]} Rxc3 {[%clk 0:02:52]}
40. Rdxc3 {[%clk 0:01:52]} Rxc3 {[%clk 0:03:12]} 41. Rxc3 {[%clk 0:01:51]} dxc3
{[%clk 0:03:41]} 42. Kf2 {[%clk 0:29:53]} Kf8 {[%clk 0:32:27]} 43. Ke3 {[%clk
0:29:01]} Nc7 {[%clk 0:21:02]} 44. Kd3 {[%clk 0:24:46]} Nd5 {[%clk 0:21:22]}
45. Nc5 {[%clk 0:23:29]} Ke7 {[%clk 0:21:45]} 46. Nxb7 {[%clk 0:21:23]} Kd7
{[%clk 0:21:54]} 47. Nc5+ {[%clk 0:21:08]} Kc6 {[%clk 0:22:23]} 48. Nxa6 {[%clk
0:21:13]} Kb5 {[%clk 0:21:57]} 49. Nb8 {[%clk 0:21:24]} Kxb4 {[%clk 0:15:28]}
50. a6 {[%clk 0:21:07]} Kb3 {[%clk 0:15:09]} 51. Nc6 {[%clk 0:11:34]} Nc7
{[%clk 0:05:11]} 1/2-1/2